Costa Rica: Tensiones y debate en torno al cooperativismo en la década del cuarenta /

Presenta un aporte al conocimiento del carácter y significado del movimiento cooperativo en el desarrollo económico y social del país, esclareciendo los antecedentes históricos constitutivos del desenvolvimiento de las cooperativas en el contexto de la crisis política de la década de los cuarenta. D...

Celý popis

Uloženo v:
Podrobná bibliografie
Hlavní autor: Cazanga, José Daniel
Médium: Text
Témata:
Tagy: Přidat tag
Žádné tagy, Buďte první, kdo vytvoří štítek k tomuto záznamu!

MARC

LEADER 00000 a a2200000 04500
001 95
003
040
100 |a Cazanga, José Daniel  
245 |a Costa Rica:   |b Tensiones y debate en torno al cooperativismo en la década del cuarenta /  |c José Daniel Cazanga 
520 |a Presenta un aporte al conocimiento del carácter y significado del movimiento cooperativo en el desarrollo económico y social del país, esclareciendo los antecedentes históricos constitutivos del desenvolvimiento de las cooperativas en el contexto de la crisis política de la década de los cuarenta. Destaca el debate político-ideológico que sostenían las fuerzas sociales y políticas más relevantes en la dinámica saocio-política de transformación y modernización estatal frente al cooperativismo. CEM/mb  
650 |a HISTORIA ECONOMICA  
650 |a HISTORIA SOCIAL  
650 |a COOPERATIVAS  
650 |a MOVIMIENTOS COOPERATIVOS  
650 |a DESARROLLO ECONOMICO Y SOCIAL  
650 |a POLITICA GUBERNAMENTAL  
650 |a GRUPOS DE INTERESES  
773 |g número 5 -6; páginas 187-224  
999 |c 33762  |d 33762 
773 0 |0 18806  |9 2162  |a Universidad Nacional de Costa Rica  |d Heredia: C.R.: EUNA  |o 02232  |t ABRA  |x 14093928